|
|
|
|
| LEADER |
01212nam a22002897a 4500 |
| 001 |
35912 |
| 003 |
BD-DhAAL |
| 005 |
20250622114650.0 |
| 008 |
211107t2004 xxu||||| |||| 00| 1 ben d |
| 020 |
|
|
|a 984074102-X
|
| 040 |
|
|
|a BD-DhAAL
|d BD-DhAAL
|
| 041 |
|
|
|a ben
|
| 082 |
|
|
|a 184
|2 22
|
| 100 |
|
|
|a প্লেটো
|9 42400
|
| 245 |
|
|
|a সক্রেটিসের শেষ দিনগুলি /
|c প্লেটো; ভাষান্তর সফিউদ্দিন আহমদ.
|
| 246 |
|
|
|a Socratiser shesh dinguli
|
| 260 |
|
|
|a ঢাকা :
|b বাংলা একাডেমী,
|c ২০০৪.
|
| 300 |
|
|
|a ২২২ পৃষ্ঠা ;
|c ২২ সে.মি.
|
| 526 |
|
|
|a BIED
|
| 541 |
|
|
|a Complimentary copy from BIED
|e 35921
|
| 650 |
|
|
|a Socrates.
|9 42398
|
| 650 |
|
|
|a Philosophy.
|9 42399
|
| 700 |
|
|
|a আহমদ, সফিউদ্দিন.
|9 42401
|
| 852 |
|
|
|a Ayesha Abed Library
|c BIED Collection
|
| 942 |
|
|
|2 ddc
|c BK
|
| 999 |
|
|
|c 43319
|d 43319
|
| 952 |
|
|
|0 0
|1 0
|2 ddc
|4 0
|6 184_000000000000000_PLA
|7 0
|9 69487
|a BRACUL
|b BRACUL
|c GEN
|d 2021-11-07
|e Complimentary copy from BIED
|l 4
|m 20
|o 184 PLA
|p 3010035921
|r 2024-09-19
|s 2024-09-05
|w 2021-11-07
|y BK
|x Transferred from BIED to General Stacks
|